Využitie influencer marketingu u vybranej značky a jeho efektivita vplyvu na spotrebiteľské správanie vybranej cieľovej skupiny diplomová práca

Guardado en:
Detalles Bibliográficos
Autor principal: Forgáč, Erich
Autor Corporativo: Obchodná fakulta EU. Katedra marketingu
Otros Autores: Klepochová, Dagmar, 1968-
Formato: Libro
Lenguaje:eslovaco
Publicado: Bratislava 2024
Etiquetas: Agregar Etiqueta
Sin Etiquetas, Sea el primero en etiquetar este registro!

MARC

LEADER 00000nbm a2200000 4500
001 0302095
005 20241206151435.3
041 0 |a slo 
044 |a SK 
245 1 0 |a Využitie influencer marketingu u vybranej značky a jeho efektivita vplyvu na spotrebiteľské správanie vybranej cieľovej skupiny  |b diplomová práca  |c Erich Forgáč ; školiteľ: Dagmar Klepochová 
264 1 |a Bratislava  |c 2024 
300 |a 76 s. 
100 1 |a Forgáč, Erich 
700 1 |a Klepochová, Dagmar, 1968- 
710 2 |a Obchodná fakulta EU. Katedra marketingu